| 000 | 00648nam a2200217Ia 4500 | ||
|---|---|---|---|
| 999 |
_c13693 _d13693 |
||
| 082 | _aTS.0934 | ||
| 100 | _aSingh, Nawal Prasad | ||
| 245 | 0 | _aEnvironmental degradation and development in the metropolitan fringe of Delhi | |
| 260 |
_c2001 _bUniversity of Delhi, Delhi |
||
| 300 | _a213 | ||
| 504 | _aincludes bibliography | ||
| 650 |
_aEnvironmental degradation _vDelhi |
||
| 650 | _aLand degradation | ||
| 650 |
_aEnvironmental law _vDelhi |
||
| 650 |
_aEnvironmental policy _vDelhi |
||
| 650 | _aDegradation, Environmental | ||
| 650 | _aDegradation, Land | ||
| 650 | _aDegradation, Land | ||
| 710 | _aSingh, R. B. | ||
| 942 |
_cTH _2ddc |
||